000 01293cam a22003131i 4500
003 SA-RiAUC
005 20250301184607.0
008 250201s1994 su a g b 00000 ara c
020 _a9960276120
040 _aSA-JeALM
_bara
_cSA-RiAUC
_erda
043 _aa-su---
082 0 4 _a953.121
_qSA-RiAUC
090 _a953.121
_bع ن ق
100 1 _aعنقاوي، فؤاد عبد الحميد،
_d1355 هجري-
_eمؤلف.
245 1 0 _aمكة .. :
_bالحج والطوافة /
_cفؤاد عبد الحميد عنقاوي.
250 _aالطبعة الأولى.
264 1 _aمكة المكرمة :
_bفؤاد عبد الحميد عنقاوي،
_c1994
300 _a3 مجلد في 1 (698 صفحة ) :
_bإيضاحيات ؛
_c24 سم
336 _aنص
_btxt
_2rdacontent
_3كتاب
337 _aبدون وسيط
_bn
_2rdamedia
338 _aمجلد
_bnc
_2rdacarrier
500 _aاهداء من المؤلف فؤاد عنقاوي بتاريخ ذوالحجة 1423 هـ
504 _aيشتمل على ببليوجرافية.
650 7 _aالحج
_xتاريخ
_2aucsh
650 7 _aالأماكن المقدسة
_zمكة المكرمة
_xتاريخ
_2aucsh
651 7 _aمكة المكرمة
_xتاريخ
_2aucsh
942 _2ddc
_cBOOK
_n0
949 _aSA-JeALM
_d250201
_uosman123
_n1
999 _c6234
_d6234